Tree
| Main Author: | |
|---|---|
| Format: | Book |
| Published: |
London :
Dorling Kindersley ,
1991
|
| Subjects: |
MARC
| LEADER | 00000cam a2200000 7i4500 | ||
|---|---|---|---|
| 001 | 0000005733 | ||
| 005 | 20130805.0 | ||
| 020 | |a 0863182860 | ||
| 090 | 0 | 0 | |a 001 |b EYE |
| 100 | 1 | |a Burnie, David | |
| 245 | 1 | 0 | |a Tree |c David Burnie |
| 260 | |a London : |b Dorling Kindersley , |c 1991 | ||
| 300 | |a 64p ; |c 29 cm. | ||
| 650 | 0 | 0 | |a Dictionaries and encyclopedias |
| 650 | 0 | 0 | |a Trees |
| 999 | |a 031080 |b BUKU |c RUJUKAN |e PERPUSTAKAAN KOMUNITI PETALING JAYA | ||